มุมมองปกติ
มุมมองแบบ MARC
- Mandal, Sumit K.
รายการ Personal Name
001 - CONTROL NUMBER
- control field: 44140
003 - CONTROL NUMBER IDENTIFIER
- control field: NALT
005 - DATE AND TIME OF LATEST TRANSACTION
- control field: 20200407095727.0
008 - FIXED-LENGTH DATA ELEMENTS
- fixed length control field: 200407|| aca||aabn | a|a d
040 ## - CATALOGING SOURCE
- Original cataloging agency: NALT
100 ## - HEADING--PERSONAL NAME
- Personal name: Mandal, Sumit K.
